Nevýrobní spotřeba v soudobých rozvinutých ekonomikách.

Nevýrobná spotreba ako výsledný efekt ekonomickej činnosti obyvateľstva a najdôležitejší faktor formujúci fyzické a intelektuálne schopnosti človeka. Vývoj nevýrobnej spotreby vo vyspelých trhových ekonomikách v 70. a 80. rokoch. Vývoj sociálnej zložky verejnej spotreby. Tendencie vývoja súkromnej s...

Ausführliche Beschreibung

Gespeichert in:
Bibliographische Detailangaben
1. Verfasser: Kociánová, H.
Format: Buchkapitel
Sprache:Tschechisch
Schlagworte:
Tags: Tag hinzufügen
Keine Tags, Fügen Sie das erste Tag hinzu!

MARC

LEADER 00000naa a2200000 4500
001 r002200
005 20220819180948.5
041 0 |a cze 
044 |a [CS] 
245 1 0 |a Nevýrobní spotřeba v soudobých rozvinutých ekonomikách.  |c H. Kociánová 
520 |a Nevýrobná spotreba ako výsledný efekt ekonomickej činnosti obyvateľstva a najdôležitejší faktor formujúci fyzické a intelektuálne schopnosti človeka. Vývoj nevýrobnej spotreby vo vyspelých trhových ekonomikách v 70. a 80. rokoch. Vývoj sociálnej zložky verejnej spotreby. Tendencie vývoja súkromnej spotreby. Sociálna diferenciácia v spotrebe. Vývoj spotrebiteľského úveru a osobných úspor. 
610 2 0 |a spotreba nevýrobná 
610 2 0 |a spotreba obyvateľstva 
610 2 0 |a krajiny kapitalistické 
610 2 0 |a hospodárstvo trhové 
610 2 0 |a úver spotrebiteľský 
610 2 0 |a úspory obyvateľstva 
610 2 0 |a spotreba osobná 
610 2 0 |a spotreba spoločenská 
610 2 0 |a 1971-1989 
610 2 0 |a porovnanie štatistické medzinárodné 
100 1 |a Kociánová, H.